Asian business & management

Saved in:
Bibliographic Details
Format: Serial
Language:English
Published: New York Palgrave Macmillan 2010
Subjects:
Tags: Add Tag
No Tags, Be the first to tag this record!

MARC

LEADER 00000nas2a2200000 4500
001 0181405
005 20140214084109.4
022 |a 1472-4782 
041 0 |a eng 
044 |a US 
245 1 0 |a Asian business & management 
264 1 |a New York  |b Palgrave Macmillan  |c 2010 
773 0 |w eu_un_cat*0082092 
610 2 0 |a manažment 
610 2 0 |a podnikanie 
610 2 0 |a Ázia 
610 2 0 |a politika hospodárska